Zariadenia inštalované na detských ihriskách v kontexte požiadaviek Smernice o všeobecnej bezpečnosti výrobkov vo vybranom regióne

Gespeichert in:
Bibliographische Detailangaben
1. Verfasser: Habala, Ivan (Verfasst von)
Weitere Verfasser: Rusko, Miroslav (Betreuung Doktorarbeit)
Format: Manuskript Buch
Sprache:Slowakisch
Veröffentlicht: 2016
Schlagworte:
Online-Zugang:http://is.stuba.sk/zp/portal_zp.pl?podrobnosti=119565
Tags: Tag hinzufügen
Keine Tags, Fügen Sie das erste Tag hinzu!

MARC

LEADER 00000ntm a22000003a 4500
001 stuzp58489
003 SK-STU
005 20160719155600.9
007 ta
008 150427s2015----xo-----f-mn---000-0-slo-d
040 |a STU  |b slo 
041 0 |a slo 
100 1 |a Habala, Ivan  |u 065000  |k Z4  |4 aut  |U MTF Materiálovotechnologická fakulta  |T MTF Ústav integrovanej bezpečnosti  |X 62486  |U M5000  |Y 85  |7 A000062486 
242 0 1 |a Equipment installed in playgrounds in the context of the requirements of the Directive on general product safety in the selected region  |y eng 
245 1 0 |a Zariadenia inštalované na detských ihriskách v kontexte požiadaviek Smernice o všeobecnej bezpečnosti výrobkov vo vybranom regióne 
260 |c 2016 
650 4 |a Detské ihrisko  |2 slo 
650 4 |a Požiadavka  |2 slo 
650 4 |a Nebezpečenstvo  |2 slo 
650 4 |a Opatrenie  |2 slo 
650 4 |a Bezpečnosť  |2 slo 
650 4 |a Playground  |2 eng 
650 4 |a A request  |2 eng 
650 4 |a Danger  |2 eng 
650 4 |a Action  |2 eng 
650 4 |a Safety  |2 eng 
700 1 |a Rusko, Miroslav  |u 065200  |k Z1  |4 ths  |U MTF Ústav integrovanej bezpečnosti  |T MTF Katedra bezpečnostného inžinierstva  |X 2796  |U M5200  |Y 192  |7 A000002796 
856 4 |u http://is.stuba.sk/zp/portal_zp.pl?podrobnosti=119565 
996 |c M* DP-12606  |l MMSKP  |s P  |a 0  |w stuzp58489_0001 
SQL |a stuzp58489  |b DDP  |c SLO  |d Zariadenia inštalované na detských ihriskách v kontexte požiadaviek Smernice o všeobecnej bezpečnosti výrobkov vo vybranom regióne  |e 62486  |f Habala, Ivan  |g 065000  |h 2796  |i Rusko, Miroslav  |j 20160531  |k 670  |l 06  |m http://is.stuba.sk/zp/portal_zp.pl?podrobnosti=119565  |n I-IBE  |o 8.3.5. bezpečnosť a ochrana zdravia pri práci